000 01062nam a2200313 a 4500
001 000011731
003 DO-SdBPM
005 20251204125746.0
007 ta
008 091027s1985 dr 000 j spa d
040 _aDO-SdBPM
_bspa
_cBPMSU
_erda
_d
041 _hspa
082 4 _aRD863.44
_bA445s 1985
_222
100 1 _aAlmánzar Rodríguez, Armando.
_eautor
_4aut.
245 1 0 _aSelva de agujeros negros para Chichi la Salsa /
_cArmando Almanzar R.
264 4 _aSanto Domingo :
_bBiblioteca Nacional Pedro Henríquez Ureña (BNPHU),
_c©1985
300 _a147 páginas ;
_c21 cm.
336 _atexto
_btxt
_2rdacontent
337 _asin mediación
_bn
_2rdamedia
338 _avolumen
_bnc
_2rdacarrier
490 0 _aColección Orfeo ;
_v22
590 _aInventariado, 2025 / VM
650 7 _aCuentos dominicanos
_2
650 7 _aLiteratura dominicana.
_2
650 z _aDominican literature
710 1 _aRepública Dominicana.
_bBiblioteca Nacional Pedro Henríquez Ureña
910 _aVMateo V. Control de calidad. BPMSU
942 _2ddc
_cBK
999 _c15562
_d15562